000 00535nam a22002297a 4500
003 UA-OsUOA
001 64765
007 ta
008 20091109b un ||||| |||| 00| 0 ukr d
100 _aStruminsky A.
090 _a94(438)
942 _cBK
040 _aUA-OsUOA
_bpol
_cUA-OsUOA
_dUA-OsUOA
245 _aPseudo-Melesko
300 _a165 с.
955 _a2
041 _apol
080 _a94(438)
260 _aHarvard
_c1983
650 7 _a9 Географія. Біографії. Історія
_2UDC
999 _c350865
_d350865